Statistics for Top 5 Most Famous by First Name: T

Click here to take the quiz!

General Stats

  • This quiz has been taken 17 times
  • The average score is 8 of 47

Answer Stats

First NameLast NameHintLifespan% Correct
ThomasJeffersonStatesman / Diplomat / Lawyer / Architect / Philosopher / Founding Father / U.S. President1743-1826
88%
ThomasEdisonInventor / Businessman1847-1931
75%
TomHanksActor / Filmmaker1956-
63%
TomJonesSinger1940-
63%
TomBradyFootball Quarterback1977-
56%
ThomasAquinasFriar / Philosopher / Catholic Priest / Doctor of the Church1225-1274
44%
TomCruiseActor / Producer1962-
38%
TylerPerryActor / Director / Producer / Screenwriter1969-
38%
TommyChongActor / Writer / Director / Musician / Cannabis Rights Activist / Comedian1938-
31%
TheoWalcottFootballer1989-
31%
TiaCarrereActress / Singer / Model1967-
25%
TobyKeithSinger / Songwriter / Actor / Record Producer1961-
25%
TommyLee JonesActor / Film Director1946-
25%
Tylerthe CreatorRapper / Musician / Songwriter / Record Producer / Actor / Visual Artist / Designer / Comedian1991-
25%
TobyAlderweireldFootballer1989-
19%
ThomasMoreLawyer / Social Philosopher / Author / Statesman / Renaissance Humanist1478-1535
19%
TiaMowryActress1978-
19%
ThomasCromwellLawyer / Statesman / Chief Minister to the King1485-1540
13%
TylerHansbroughBasketball Player1985-
13%
TobyJonesActor1966-
13%
TommyLeeMusician1962-
13%
TomMorelloMusician / Singer / Songwriter / Actor / Political Activist1964-
13%
TommyRobinsonBritish Far-Right & Anti-Islam Activist / Co-Founder & Leader of the English Defence League / Political Advisor1982-
13%
TobyTurnerInternet Personality / Actor / Comedian / Musician1985-
13%
TabithaKingAuthor1949-
6%
TommyLister Jr.Character Actor / Wrestler1958-2020
6%
TheoVonStand-Up Comedian / Podcaster / TV Personality / Actor1980-
6%
TiaBajpaiSinger / Actress1985-
0%
TiaBallardVoice Actress / ADR Director1986-
0%
TillyBébéCircus Performer1879-1932
0%
TabithaBrownSocial Media Personality / Actress1979-
0%
TillyDevineOrganized Crime Boss1900-1970
0%
TabithaD'umoChoreographer / Developer of Lyrical Hip-Hop1973-
0%
TillyEdingerPaleontologist / Founder of Paleoneurology1897-1967
0%
TheoHernandezFootballer1997-
0%
TylerHoechlinActor1987-
0%
TheoJamesActor / Producer1984-
0%
TillyLoschDancer / Choreographer / Actress / Painter1903-1975
0%
TiaNorfleetDrag Racing & Stock Car Driver1986-
0%
TabithaPetersonCurler1989-
0%
TomosPrysSoldier / Sailor / Poet1564-1634
0%
TylerReddickStock Car Racing Driver1996-
0%
TheoRossiActor / Producer1975-
0%
TillySmithWoman Who Saved About 100 Lives as a Child1994-
0%
TobyStephensActor1969-
0%
TabithaSt. GermainActress / Comedian1964-
0%
TomosWilliamsRugby Player1995-
0%

Score Distribution

Percentile by Number Answered

Percent of People with Each Score

Your Score History

You have not taken this quiz